000 00974nam a22003017a 4500
001 5180
003 FISKH
005 20241118101904.0
008 241118b cb ||||| |||| 00| 0 eng d
020 _a9780531159163
040 _aFISKH
_beng
_cFISKH
_dFISKH
050 _aQ127.R58
082 _a509.37
100 _aHarris, Jacqueline L.
245 _aScience in Ancient Rome /
_cby Jacqueline L. Harris
260 _aNew York :
_bFranklin Watts ;
_c1998 .
300 _a64 pages :
_bcolor illustrations , map ;
_c24 cm .
490 _aScience of the Past
505 _aZ
520 _aDescribes how the Romans put to use and expanded the scientific achievements of earlier civilizations.
521 8 _a1030
_bLexile
521 8 _aZ
_bRaz-Plus
650 _aScience-Rome-History
_vJuvenile Literature
650 _aScience, Ancient
_vJuvenile Literature
700 _aSheridan, Ronald
_dPhotographer
942 _2ddc
_cBK
_n0
999 _c5180
_d5180